Vainqueurs du tournoi ATP d'Adelaïde - Statistiques

Statistiques générales
  • Ce quiz a été pris 5 fois
  • Le résultat moyen est 13 sur 40
Statistiques - réponses
Année Vainqueur % Correct
2007 Djokovic
100%
2023 Djokovic
100%
1998 Hewitt
75%
2000 Hewitt
75%
2022 Kokkinakis
75%
2022 Monfils
75%
1974 Borg
50%
1995 Courier
50%
2020 Rublev
50%
1987 Woodforde
50%
1989 Woodforde
50%
1977 Amaya
25%
1982 Bauer
25%
1983 Bauer
25%
2002 Davydenko
25%
1981 Edmondson
25%
1999 Enqvist
25%
1982 Frawley
25%
1991 Ivanisevic
25%
2005 Johansson
25%
1994 Kafelnikov
25%
1996 Kafelnikov
25%
1990 Kulti
25%
1993 Kulti
25%
2023 Kwon
25%
2024 Lehecka
25%
2007 Llodra
25%
1986 Masur
25%
1972 Metreveli
25%
1990 Muster
25%
2006 Serra
25%
1974 Stockton
25%
1979 Warwick
25%
1984 Doohan
0%
1985 Edwards
0%
1977 Gullikson
0%
2001 Haas
0%
2001 Henman
0%
2004 Hrbaty
0%
1996 Woodbridge
0%
Aucun quiz correspondant
Distribution des résultats
% des personnes avec chaque résultat
Percentile par nombre de réponses
Votre historique - résultats
Vous n’avez pas pris ce quiz